000 01102nam a2200325 4500
001 177365
003 ES-MaACL
005 20250829130246.0
008 110317s2009 sp ad |||| | spa d
017 _aM-994-2009
020 _a9788479912437
080 _a504:37.03
080 _a37.011
080 _a37.013.42
080 _a37.018.43
245 0 0 _aEscenarios de innovación e investigación educativa /
_cAlbert Gómez ... [et al.] ; Mª Ángeles Murga (ed.).
260 _aMadrid :
_bUniversitas,
_c[2009]
300 _aXV, 331 p. :
_bil., gráf. ;
_c24 cm.
504 _aReferencias bibliográficas.
650 0 7 _aEducación ambiental
_2embne
_912086
650 7 _aEducación-
_xFilosofía.
_912079
650 7 _aPedagogía social
_2embne
_915908
650 7 _aEnseñanza a distancia.
_9145697
700 1 _aAlbert Gómez, María José.
_9145698
700 1 _aMurga Menoyo, María Ángeles.
_9145699
852 _aES-MaACL
_9 184183
_bR.145716
_jA-11047
_dOlim: N-4052
_cDEPO1
942 _2udc
_cMONOGRAFIA
999 _c177365
_d177365